[Event "Bad Woerishofen Seniors opA 22th"]
[Site "Bad Woerishofen"]
[Date "2006.03.25"]
[Round "9"]
[White "Spurga, Josef"]
[Black "Schratzenstaller, Albert"]
[Result "1-0"]
[WhiteElo "1884"]
[BlackElo "1787"]
[PlyCount "43"]
[EventDate "2006.03.17"]
[EventType "swiss"]
[EventRounds "9"]
[EventCountry "GER"]
[SourceTitle "EXT 2022"]
[Source "ChessBase"]
[SourceDate "2021.10.06"]
[SourceVersion "1"]
[SourceVersionDate "2021.10.06"]
[SourceQuality "1"]

1. d4 d6 2. e4 g6 3. Nf3 Bg7 4. Be3 Nf6 5. Nc3 Ng4 6. Bg5 c6 7. h3 Nf6 8. Qd2 Nbd7 9. Bh6 Bxh6 10. Qxh6 Qa5 11. 0-0-0 Rg8 12. Qe3 e5 13. dxe5 Nxe5 14. Rxd6 Nxf3 15. Qxf3 Qg5+ 16. Kb1 Be6 17. Be2 Ke7 18. Rhd1 Rad8 19. Qd3 Rd7 20. Rxd7+ Nxd7 21. g3 Ke8 22. f4 1-0

[Event "Bad Woerishofen Seniors opA 22th"]
[Site "Bad Woerishofen"]
[Date "2006.03.24"]
[Round "8"]
[White "Schratzenstaller, Albert"]
[Black "Fehres, Werner"]
[Result "1/2-1/2"]
[WhiteElo "1787"]
[BlackElo "1798"]
[PlyCount "78"]
[EventDate "2006.03.17"]
[EventType "swiss"]
[EventRounds "9"]
[EventCountry "GER"]
[SourceTitle "EXT 2022"]
[Source "ChessBase"]
[SourceDate "2021.10.06"]
[SourceVersion "1"]
[SourceVersionDate "2021.10.06"]
[SourceQuality "1"]

1. c4 d6 2. Nc3 Nf6 3. g3 e5 4. Bg2 c6 5. d4 Qc7 6. dxe5 dxe5 7. Nf3 Be6 8. b3 h6 9. Bb2 Nbd7 10. Qc2 Be7 11. 0-0 0-0 12. Rad1 Rad8 13. Nh4 Ne8 14. Nf5 Bxf5 15. Qxf5 Nd6 16. Qh5 f5 17. Bh3 Rf6 18. e3 Bf8 19. Rd2 g6 20. Qe2 Nf7 21. Rfd1 Re6 22. e4 Rf6 23. exf5 Ng5 24. Bg4 gxf5 25. Bh5 Kg7 26. h4 Nf7 27. Bxf7 Rxf7 28. Rxd7 Rdxd7 29. Nd5 Qd8 30. Bxe5+ Kh7 31. Nf6+ Rxf6 32. Rxd7+ Qxd7 33. Bxf6 Kg6 34. Bb2 h5 35. Qe5 Qf7 36. Qf4 Bh6 37. Qd6+ Kh7 38. Qe5 Kg6 39. Qd6+ Kh7 1/2-1/2

[Event "Bad Woerishofen Seniors op 19th"]
[Site "Bad Woerishofen"]
[Date "2003.03.18"]
[Round "6"]
[White "Schratzenstaller, Albert"]
[Black "Malik, Heinz"]
[Result "1/2-1/2"]
[WhiteElo "1940"]
[BlackElo "1640"]
[PlyCount "106"]
[EventDate "2003.03.13"]
[EventType "swiss"]
[EventRounds "9"]
[EventCountry "GER"]
[SourceTitle "EXT 2004"]
[Source "ChessBase"]
[SourceDate "2003.11.25"]
[SourceVersion "1"]
[SourceVersionDate "2003.11.25"]
[SourceQuality "1"]

1. c4 e5 2. Nc3 Nf6 3. g3 c6 4. Bg2 d5 5. cxd5 cxd5 6. d3 Nc6 7. Bg5 Bb4 8. a3 Bxc3+ 9. bxc3 Be6 10. Nf3 h6 11. Bd2 0-0 12. 0-0 Qd7 13. Qb3 e4 14. Nd4 Nxd4 15. cxd4 Rfc8 16. Rfb1 Rc7 17. Bf4 Rc6 18. Qxb7 Qxb7 19. Rxb7 exd3 20. exd3 Rc3 21. Bf1 Bf5 22. Re7 a6 23. Bd6 Rac8 24. h3 Rc1 25. Re1 Rxa1 26. Rxa1 Rc3 27. Re1 Be6 28. Rb1 a5 29. Kg2 Kh7 30. Rb5 a4 31. Ra5 Bf5 32. Rxa4 Bxd3 33. Bxd3+ Rxd3 34. Bf4 g5 35. Be3 Kg6 36. Kf3 Ne4 37. g4 Rb3 38. Ra6+ f6 39. a4 Ra3 40. a5 Nd2+ 41. Ke2 Nc4 42. Ra8 Rxa5 43. Rd8 Ra2+ 44. Kf3 Ra5 45. Kg3 Ra3 46. Rxd5 Nxe3 47. fxe3 Rxe3+ 48. Kg2 Kf7 49. Rd7+ Ke6 50. Rh7 Rd3 51. Rxh6 Rxd4 52. Kf3 Ra4 53. Rh8 Ke7 1/2-1/2

[Event "Bad Woerishofen Seniors op 19th"]
[Site "Bad Woerishofen"]
[Date "2003.03.16"]
[Round "4"]
[White "Schratzenstaller, Albert"]
[Black "Wicklund Hansen, Richard"]
[Result "1/2-1/2"]
[WhiteElo "1940"]
[BlackElo "2046"]
[PlyCount "37"]
[EventDate "2003.03.13"]
[EventType "swiss"]
[EventRounds "9"]
[EventCountry "GER"]
[SourceTitle "EXT 2004"]
[Source "ChessBase"]
[SourceDate "2003.11.25"]
[SourceVersion "1"]
[SourceVersionDate "2003.11.25"]
[SourceQuality "1"]

1. c4 Nc6 2. Nc3 d6 3. Nf3 Nf6 4. g3 g6 5. Bg2 e5 6. 0-0 Bg7 7. d4 0-0 8. d5 Ne7 9. e4 Nd7 10. Be3 f5 11. Qd2 Nc5 12. exf5 Nxf5 13. Bxc5 dxc5 14. Rae1 Nd6 15. b3 Re8 16. Qc1 Bf6 17. Nd2 b6 18. Nde4 Bg7 19. Kh1 1/2-1/2

[Event "Bayern-ch Seniors 14th"]
[Site "Schloss Schney"]
[Date "2002.06.05"]
[Round "6"]
[White "Muenzenberg, Dietrich"]
[Black "Schratzenstaller, Albert"]
[Result "1-0"]
[WhiteElo "1592"]
[BlackElo "1760"]
[PlyCount "120"]
[EventDate "2002.05.31"]
[EventType "swiss"]
[EventRounds "9"]
[EventCountry "GER"]
[SourceTitle "EXT 2003"]
[Source "ChessBase"]
[SourceDate "2002.11.25"]
[SourceVersion "1"]
[SourceVersionDate "2002.11.25"]
[SourceQuality "1"]

1. d4 Nf6 2. Nf3 d5 3. c4 e6 4. Bg5 Be7 5. Nc3 0-0 6. Bxf6 Bxf6 7. e4 dxe4 8. Nxe4 Be7 9. Be2 Nd7 10. 0-0 b6 11. Qc2 Bb7 12. Rad1 Nf6 13. Neg5 h6 14. Nh3 Qe8 15. Ne5 c5 16. dxc5 Bxc5 17. a3 a5 18. Bf3 Qe7 19. Rd2 Bxf3 20. Nxf3 Rad8 21. Rfd1 Ng4 22. Nf4 Nxf2 23. Rxf2 Rxd1+ 24. Qxd1 Qf6 25. Nd3 Rd8 26. Qe2 Rxd3 27. Qxd3 Qxb2 28. Qd8+ Kh7 29. Qd3+ f5 30. Nd2 Qc1+ 31. Nf1 Qf4 32. Qc2 g5 33. g3 Qf3 34. a4 h5 35. Qd2 Kg6 36. Qe1 e5 37. Nd2 Bxf2+ 38. Qxf2 Qxf2+ 39. Kxf2 Kf6 40. Ke3 e4 41. Kd4 Ke6 42. Nf1 Kd6 43. Ne3 Ke6 44. Nd5 Kd6 45. Nxb6 e3 46. c5+ Kc6 47. Nc4 e2 48. Ne5+ Kc7 49. Nd3 f4 50. gxf4 gxf4 51. Ke4 Kc6 52. Kxf4 e1Q 53. Nxe1 Kxc5 54. Nd3+ Kc4 55. Ne5+ Kb4 56. Nc6+ Kxa4 57. Nxa5 Kxa5 58. Kg5 h4 59. Kxh4 Kb6 60. Kg5 Kc6 1-0

[Event "Bayern-ch Seniors 14th"]
[Site "Schloss Schney"]
[Date "2002.06.01"]
[Round "2"]
[White "Schratzenstaller, Albert"]
[Black "Muehlig Versen, Peter"]
[Result "0-1"]
[WhiteElo "1760"]
[BlackElo "2029"]
[PlyCount "69"]
[EventDate "2002.05.31"]
[EventType "swiss"]
[EventRounds "9"]
[EventCountry "GER"]
[SourceTitle "EXT 2003"]
[Source "ChessBase"]
[SourceDate "2002.11.25"]
[SourceVersion "1"]
[SourceVersionDate "2002.11.25"]
[SourceQuality "1"]

1. c4 c6 2. Nc3 d5 3. cxd5 cxd5 4. d4 Nc6 5. e3 Nf6 6. Nf3 e6 7. a3 a6 8. Bd3 Bd6 9. 0-0 0-0 10. b4 b5 11. Bb2 Bb7 12. Rc1 Rc8 13. Bb1 Bb8 14. Qd3 Qd6 15. e4 dxe4 16. Nxe4 Nxe4 17. Qxe4 g6 18. Qh4 Qf4 19. Be4 Qxh4 20. Nxh4 f5 21. Bb1 Ne7 22. g3 g5 23. Ng2 f4 24. Rxc8 Rxc8 25. gxf4 gxf4 26. f3 Nd5 27. Be4 Ba7 28. Nxf4 Nxf4 29. Bxb7 Rc2 30. Ba1 Nh3+ 31. Kh1 Bb8 32. f4 Bxf4 33. Bg2 Nf2+ 34. Rxf2 Rxf2 35. d5 0-1

[Event "Bad Woerishofen Seniors op 18th"]
[Site "Bad Woerishofen"]
[Date "2002.03.11"]
[Round "5"]
[White "Schratzenstaller, Albert"]
[Black "Janssen, Helmut"]
[Result "1/2-1/2"]
[WhiteElo "1769"]
[BlackElo "1878"]
[PlyCount "88"]
[EventDate "2002.03.??"]
[EventType "swiss"]
[EventRounds "9"]
[EventCountry "GER"]
[SourceTitle "EXT 2006"]
[Source "ChessBase"]
[SourceDate "2005.11.24"]
[SourceVersion "1"]
[SourceVersionDate "2005.11.24"]
[SourceQuality "1"]

1. c4 Nf6 2. Nc3 e6 3. g3 d5 4. cxd5 exd5 5. d4 Be7 6. Bg2 0-0 7. Nf3 c6 8. 0-0 Bf5 9. Bf4 Nbd7 10. a3 Ne4 11. Rc1 Ndf6 12. Qb3 Nxc3 13. bxc3 b5 14. Ne5 Qc8 15. a4 a6 16. Ra1 Nd7 17. Nxc6 Qxc6 18. Bxd5 Be6 19. Bxc6 Bxb3 20. Bxa8 Rxa8 21. axb5 a5 22. Bc7 a4 23. b6 Rc8 24. Rfc1 Bd8 25. Bxd8 Rxd8 26. c4 Nxb6 27. e3 Nxc4 28. Rxa4 Bxa4 29. Rxc4 Bb3 30. Rb4 Be6 31. Kg2 g6 32. f3 Rc8 33. Rb2 Ra8 34. e4 Ra2 35. Rxa2 Bxa2 36. Kf2 Kf8 37. h4 h5 38. Ke3 Ke7 39. Kf4 f6 40. g4 hxg4 41. fxg4 Be6 42. e5 Bd5 43. h5 gxh5 44. gxh5 fxe5+ 1/2-1/2

[Event "Bad Woerishofen Seniors op 18th"]
[Site "Bad Woerishofen"]
[Date "2002.03.08"]
[Round "2"]
[White "Wendel, Walter"]
[Black "Schratzenstaller, Albert"]
[Result "0-1"]
[WhiteElo "1413"]
[BlackElo "1769"]
[PlyCount "128"]
[EventDate "2002.03.??"]
[EventType "swiss"]
[EventRounds "9"]
[EventCountry "GER"]
[SourceTitle "EXT 2006"]
[Source "ChessBase"]
[SourceDate "2005.11.24"]
[SourceVersion "1"]
[SourceVersionDate "2005.11.24"]
[SourceQuality "1"]

1. c4 Nf6 2. Nc3 c6 3. d4 d5 4. e3 e6 5. Nf3 Bd6 6. Be2 b6 7. cxd5 cxd5 8. 0-0 Nc6 9. Ne1 Bb7 10. f4 Rc8 11. a3 0-0 12. Nf3 Na5 13. Bd2 Qe7 14. Nb5 Nc6 15. Nxd6 Qxd6 16. Ne5 Qb8 17. Rc1 Nxe5 18. fxe5 Rxc1 19. Qxc1 Rc8 20. Qb1 Ne4 21. Rd1 Nxd2 22. Rxd2 Qc7 23. Bd3 g6 24. Rc2 Qd7 25. Rxc8+ Qxc8 26. Qc2 Qd7 27. g3 Bc6 28. Kf2 Kg7 29. Qe2 f5 30. h4 Ba4 31. g4 fxg4 32. Qxg4 Qf7+ 33. Qf4 Bd1 34. Ke1 Qxf4 35. exf4 Bg4 36. Kf2 Kf7 37. Bc2 Ke7 38. Ba4 a6 39. b4 Bf5 40. Ke3 Bh3 41. Kf2 Kf7 42. Bc6 Bf5 43. Ke3 Kg7 44. Bb7 a5 45. bxa5 bxa5 46. Bc6 Kh6 47. Kf3 Kh5 48. Kg3 Bg4 49. Be8 Bf5 50. Bb5 Kh6 51. Be2 Kg7 52. h5 Bc2 53. Kh4 h6 54. Bg4 Kf7 55. Be2 Ba4 56. hxg6+ Kxg6 57. Bh5+ Kf5 58. Kg3 Ke4 59. Bf7 Bd7 60. Bg6+ Kxd4 61. Kf3 Kc3 62. Kg4 d4 63. f5 d3 64. f6 d2 0-1

[Event "Bayern-ch Seniors 13th"]
[Site "Schloss Schney"]
[Date "2001.??.??"]
[Round "1"]
[White "Froeling, Philippa"]
[Black "Schratzenstaller, Albert"]
[Result "0-1"]
[WhiteElo "1386"]
[BlackElo "1795"]
[PlyCount "72"]
[EventDate "2001.06.??"]
[EventType "swiss"]
[EventRounds "9"]
[EventCountry "GER"]
[SourceTitle "EXT 2006"]
[Source "ChessBase"]
[SourceDate "2005.11.24"]
[SourceVersion "1"]
[SourceVersionDate "2005.11.24"]
[SourceQuality "1"]

1. Nf3 Nf6 2. d4 g6 3. g3 Bg7 4. Bg2 d6 5. 0-0 0-0 6. Nbd2 Nbd7 7. e4 c5 8. e5 dxe5 9. dxe5 Ne8 10. Re1 e6 11. Nc4 h6 12. Nd6 Nxe5 13. Nxc8 Nxf3+ 14. Qxf3 Qxc8 15. Qxb7 Qxb7 16. Bxb7 Rb8 17. Bc6 Rb6 18. Bxe8 Rxe8 19. c3 Rd8 20. Rb1 Bxc3 21. Re2 Rd1+ 22. Kg2 Bd4 23. Rd2 Rxd2 24. Bxd2 Rxb2 25. Rxb2 Bxb2 26. Be3 Bd4 27. Bxh6 f6 28. Bc1 e5 29. f3 Kf7 30. Kf1 Ke6 31. Ke2 f5 32. g4 Kd5 33. gxf5 gxf5 34. h4 c4 35. Be3 f4 36. Bxd4 exd4 0-1

[Event "Bayern-ch Seniors 13th"]
[Site "Schloss Schney"]
[Date "2001.??.??"]
[Round "2"]
[White "Schratzenstaller, Albert"]
[Black "Rychlik, Kurt"]
[Result "0-1"]
[WhiteElo "1795"]
[BlackElo "1903"]
[PlyCount "74"]
[EventDate "2001.06.??"]
[EventType "swiss"]
[EventRounds "9"]
[EventCountry "GER"]
[SourceTitle "EXT 2006"]
[Source "ChessBase"]
[SourceDate "2005.11.24"]
[SourceVersion "1"]
[SourceVersionDate "2005.11.24"]
[SourceQuality "1"]

1. c4 g6 2. Nc3 Bg7 3. Nf3 e5 4. g3 Ne7 5. Bg2 0-0 6. 0-0 c6 7. d4 d6 8. dxe5 dxe5 9. Bg5 f6 10. Bd2 Be6 11. b3 Nd7 12. e4 Qc7 13. Qc2 Rfd8 14. Rad1 a5 15. Bc1 b5 16. Qe2 bxc4 17. bxc4 a4 18. Ba3 Bf8 19. Rc1 Qa5 20. Nd1 Nc5 21. Bxc5 Qxc5 22. Ne3 Nc8 23. Rfd1 Nd6 24. Qc2 Bh6 25. Re1 Rdb8 26. Nd2 Qd4 27. Nf3 Qc5 28. Nd2 Rb4 29. Rb1 Rab8 30. Rxb4 Rxb4 31. a3 Rb7 32. Qxa4 Ra7 33. Qb4 Qxb4 34. axb4 Ra2 35. Ndf1 Nxc4 36. Nxc4 Bxc4 37. Rc1 Bxc1 0-1

[Event "Bad Woerishofen Seniors op 15th"]
[Site "Bad Woerishofen"]
[Date "1999.??.??"]
[Round "3"]
[White "Delander, Adolf"]
[Black "Schratzenstaller, Albert"]
[Result "1-0"]
[WhiteElo "2110"]
[BlackElo "1735"]
[PlyCount "59"]
[EventDate "1999.03.05"]
[EventType "swiss"]
[EventRounds "9"]
[EventCountry "GER"]
[SourceTitle "EXT 2002"]
[Source "ChessBase"]
[SourceDate "2001.11.25"]
[SourceVersion "1"]
[SourceVersionDate "2001.11.25"]
[SourceQuality "1"]

1. d4 Nf6 2. Nf3 g6 3. Nbd2 Bg7 4. e4 d6 5. Bc4 c6 6. 0-0 0-0 7. Re1 b5 8. Bb3 e6 9. a4 Bb7 10. c4 bxc4 11. Nxc4 d5 12. exd5 cxd5 13. Nce5 Nbd7 14. a5 Rc8 15. Bd2 Nxe5 16. Nxe5 Ne4 17. Bb4 Nd6 18. Ba4 Qe7 19. Qb3 Qc7 20. Bxd6 Qxd6 21. Qxb7 Rb8 22. Qd7 Qb4 23. Nc6 Qxb2 24. Nxb8 Bxd4 25. Nc6 Bxf2+ 26. Kh1 Bxe1 27. Rxe1 Qc3 28. Rf1 Kg7 29. Nd8 Qxa5 30. Nxe6+ 1-0

[Event "Bad Woerishofen Seniors op 15th"]
[Site "Bad Woerishofen"]
[Date "1999.??.??"]
[Round "9"]
[White "Schratzenstaller, Albert"]
[Black "Betz, Egon"]
[Result "1/2-1/2"]
[WhiteElo "1735"]
[BlackElo "1915"]
[PlyCount "35"]
[EventDate "1999.03.05"]
[EventType "swiss"]
[EventRounds "9"]
[EventCountry "GER"]
[SourceTitle "EXT 2002"]
[Source "ChessBase"]
[SourceDate "2001.11.25"]
[SourceVersion "1"]
[SourceVersionDate "2001.11.25"]
[SourceQuality "1"]

1. c4 f5 2. Nc3 Nf6 3. f4 b6 4. Nf3 Bb7 5. d4 Bxf3 6. gxf3 e6 7. Be3 c6 8. Qd2 d5 9. cxd5 exd5 10. Bf2 Nbd7 11. h4 Qc7 12. Qe3+ Kf7 13. h5 Bd6 14. Qd3 g6 15. hxg6+ hxg6 16. Rxh8 Rxh8 17. e3 Rh2 18. a3 1/2-1/2

[Event "Bayern-ch Seniors 10th"]
[Site "Schloss Schney"]
[Date "1998.??.??"]
[Round "8"]
[White "Baessler, Arwed"]
[Black "Schratzenstaller, Albert"]
[Result "1-0"]
[WhiteElo "1720"]
[BlackElo "1810"]
[PlyCount "98"]
[EventDate "1998.07.03"]
[EventType "swiss"]
[EventRounds "9"]
[EventCountry "GER"]
[SourceTitle "EXT 2006"]
[Source "ChessBase"]
[SourceDate "2005.11.24"]
[SourceVersion "1"]
[SourceVersionDate "2005.11.24"]
[SourceQuality "1"]

1. Nf3 Nf6 2. g3 g6 3. Bg2 Bg7 4. 0-0 0-0 5. d3 d6 6. e4 e5 7. Bg5 h6 8. Bc1 Be6 9. c3 a5 10. b3 c5 11. Bb2 Nc6 12. Nbd2 Qd7 13. Qc2 Rac8 14. Rad1 Nh7 15. Nh4 g5 16. Nhf3 f5 17. exf5 Bxf5 18. Ne4 Bg4 19. Ned2 Rf6 20. Rde1 Rcf8 21. Qd1 R6f7 22. Re3 Nf6 23. c4 Nd4 24. Qc1 Nc6 25. Ne1 Ne8 26. f3 Bf5 27. g4 Bg6 28. Qd1 Nc7 29. Ne4 Ne6 30. Qd2 b6 31. Nc3 Nf4 32. Kh1 Kh7 33. Ne2 Nd8 34. Nc3 Nde6 35. Ne2 h5 36. gxh5 Bxh5 37. Ng3 Bg6 38. Kg1 Kh8 39. Rf2 Kg8 40. Nf1 Nd4 41. Ng3 Bf5 42. Nxf5 Nxf5 43. Re4 Bf6 44. Nc2 Rh7 45. Bf1 Ng3 46. Re1 Nxf1 47. Rexf1 Nh3+ 48. Kh1 Nxf2+ 49. Rxf2 Rh3 1-0

[Event "Bayern-ch Seniors 10th"]
[Site "Schloss Schney"]
[Date "1998.??.??"]
[Round "7"]
[White "Schratzenstaller, Albert"]
[Black "Schmeusser, Alfred"]
[Result "1-0"]
[WhiteElo "1810"]
[BlackElo "1700"]
[PlyCount "53"]
[EventDate "1998.07.03"]
[EventType "swiss"]
[EventRounds "9"]
[EventCountry "GER"]
[SourceTitle "EXT 2006"]
[Source "ChessBase"]
[SourceDate "2005.11.24"]
[SourceVersion "1"]
[SourceVersionDate "2005.11.24"]
[SourceQuality "1"]

1. c4 g6 2. Nc3 Bg7 3. Nf3 d6 4. g3 Nf6 5. Bg2 0-0 6. 0-0 c6 7. Qc2 Qc7 8. d4 Re8 9. Rd1 Nbd7 10. Rb1 Rb8 11. c5 e5 12. cxd6 Qd8 13. dxe5 Nxe5 14. Nxe5 Rxe5 15. Bf4 Nd7 16. Bxe5 Nxe5 17. h3 Be6 18. b3 f5 19. f4 Nd7 20. Kh2 Bxc3 21. Qxc3 Kf7 22. e4 fxe4 23. Bxe4 Nf6 24. Bg2 Qd7 25. Rd2 Rd8 26. Re1 Bd5 27. Re7+ 1-0

[Event "Bayern-ch Seniors 10th"]
[Site "Schloss Schney"]
[Date "1998.??.??"]
[Round "9"]
[White "Schratzenstaller, Albert"]
[Black "Zellner, Erwin"]
[Result "1/2-1/2"]
[WhiteElo "1810"]
[BlackElo "1620"]
[PlyCount "28"]
[EventDate "1998.07.03"]
[EventType "swiss"]
[EventRounds "9"]
[EventCountry "GER"]
[SourceTitle "EXT 2006"]
[Source "ChessBase"]
[SourceDate "2005.11.24"]
[SourceVersion "1"]
[SourceVersionDate "2005.11.24"]
[SourceQuality "1"]

1. c4 Nf6 2. Nc3 e6 3. Nf3 d5 4. d4 Nbd7 5. cxd5 exd5 6. Bg5 Be7 7. e3 c6 8. Qc2 Qa5 9. Bd3 h6 10. Bh4 0-0 11. 0-0 Re8 12. a3 Bd6 13. Bg3 Qc7 14. Bxd6 Qxd6 1/2-1/2

[Event "Bayern-ch Seniors 09th"]
[Site "Schloss Schney"]
[Date "1997.??.??"]
[Round "8"]
[White "Jeske, Guenter"]
[Black "Schratzenstaller, Albert"]
[Result "1-0"]
[WhiteElo "1634"]
[BlackElo "1803"]
[PlyCount "115"]
[EventDate "1997.??.??"]
[EventType "swiss"]
[EventRounds "9"]
[EventCountry "GER"]
[SourceTitle "EXT 1999"]
[Source "ChessBase"]
[SourceDate "1998.11.16"]
[SourceVersion "1"]
[SourceVersionDate "1998.11.16"]
[SourceQuality "1"]

1. c4 Nf6 2. Nc3 c5 3. e4 Nc6 4. g3 g6 5. Bg2 Bg7 6. Nge2 0-0 7. 0-0 d6 8. h3 e5 9. d3 Be6 10. f4 Qd7 11. Kh2 Ne8 12. Nd5 f5 13. Nec3 exf4 14. Nxf4 Be5 15. Ncd5 Rc8 16. Nxe6 Qxe6 17. Bh6 Bg7 18. Bxg7 Kxg7 19. exf5 Rxf5 20. Rxf5 Qxf5 21. Qe2 Nd4 22. Qe7+ Qf7 23. Re1 Nf5 24. Qxf7+ Kxf7 25. g4 Nd4 26. Re7+ Kg8 27. Rxb7 Nc6 28. Ne7+ Nxe7 29. Rxe7 a6 30. b3 Rb8 31. Bc6 Ng7 32. Bd5+ Kh8 33. Bf7 g5 34. Kg2 h6 35. Kf3 h5 36. Rd7 Rf8 37. Ke4 hxg4 38. hxg4 Ne8 39. Bxe8 Rxe8+ 40. Kf5 Re5+ 41. Kg6 Re6+ 42. Kxg5 Kg8 43. Kf5 Re2 44. Kg6 Kf8 45. Rxd6 Rxa2 46. Rd5 Rg2 47. g5 Rg3 48. Kf5 Kg7 49. Kf4 Rh3 50. Ke4 Rh1 51. Rxc5 Rb1 52. Rc6 a5 53. Ra6 Rxb3 54. Rxa5 Kg6 55. Re5 Rb1 56. Kd5 Rb8 57. c5 Rd8+ 58. Kc4 1-0

[Event "Bayern-ch Seniors 09th"]
[Site "Schloss Schney"]
[Date "1997.??.??"]
[Round "9"]
[White "Schratzenstaller, Albert"]
[Black "Neumann, Helmut"]
[Result "1-0"]
[WhiteElo "1803"]
[BlackElo "1608"]
[PlyCount "67"]
[EventDate "1997.??.??"]
[EventType "swiss"]
[EventRounds "9"]
[EventCountry "GER"]
[SourceTitle "EXT 1999"]
[Source "ChessBase"]
[SourceDate "1998.11.16"]
[SourceVersion "1"]
[SourceVersionDate "1998.11.16"]
[SourceQuality "1"]

1. c4 e5 2. Nc3 b6 3. Nf3 Nc6 4. g3 Bb7 5. Bg2 Rb8 6. 0-0 Nf6 7. d3 h6 8. a3 a6 9. b4 d6 10. Qa4 Nd7 11. b5 Nc5 12. Qc2 Nd4 13. Nxd4 Bxg2 14. Kxg2 exd4 15. Nd5 Be7 16. bxa6 0-0 17. Bb2 Ne6 18. f4 f5 19. Rfe1 Rf7 20. e3 Bf6 21. exd4 Nxd4 22. Qa4 c5 23. Re3 Rf8 24. Rae1 b5 25. cxb5 Nf3 26. Nxf6+ gxf6 27. Kxf3 Qd7 28. Qc4+ d5 29. Qxc5 Qxb5 30. Qxb5 Rxb5 31. Bd4 Ra5 32. a7 h5 33. Bb6 Rxa3 34. Bc5 1-0